Cadbury's sweet reward (Record no. 74694)
[ view plain ]
| 000 -LEADER | |
|---|---|
| fixed length control field | 00929cab a2200229 4500 |
| 001 - CONTROL NUMBER | |
| control field | X128397 |
| 008 - FIXED-LENGTH DATA ELEMENTS--GENERAL INFORMATION | |
| fixed length control field | 041222n2004 000 0 eng u |
| 035 ## - SYSTEM CONTROL NUMBER | |
| System control number | (Sirsi) u128397 |
| 100 ## - MAIN ENTRY--PERSONAL NAME | |
| Personal name | Pratley, N. |
| 245 ## - TITLE STATEMENT | |
| Title | Cadbury's sweet reward |
| 260 ## - PUBLICATION, DISTRIBUTION, ETC. | |
| Date of publication, distribution, etc. | 2004 |
| 490 ## - SERIES STATEMENT | |
| Series statement | Management Today |
| Volume/sequential designation | December 2004, 38-49(9) |
| 520 ## - SUMMARY, ETC. | |
| Summary, etc. | Examines the MT Most Admired Companies poll. Notes how Tesco has slipped down the table from first position a year ago to fourth position this year. The number one position is now held by Cadbury Schweppes with Tesco's more behind in the Community and Environmental Responsibility rating. With a general league table of 220 companies and a sector by sector analysis. |
| 590 ## - LOCAL NOTE (RLIN) | |
| Local note | ABS |
| 650 ## - SUBJECT ADDED ENTRY--TOPICAL TERM | |
| Topical term or geographic name entry element | TESCO |
| 650 ## - SUBJECT ADDED ENTRY--TOPICAL TERM | |
| Topical term or geographic name entry element | CADBURYS |
| 650 ## - SUBJECT ADDED ENTRY--TOPICAL TERM | |
| Topical term or geographic name entry element | ENVIRONMENTAL STANDARDS |
| 650 ## - SUBJECT ADDED ENTRY--TOPICAL TERM | |
| Topical term or geographic name entry element | COMPANY PERFORMANCE |
| 650 ## - SUBJECT ADDED ENTRY--TOPICAL TERM | |
| Topical term or geographic name entry element | COMPANY POLICY |
| 690 ## - LOCAL SUBJECT ADDED ENTRY--TOPICAL TERM (OCLC, RLIN) | |
| Topical term or geographic name as entry element | MANAGEMENT-BUSINESS MANAGEMENT |
| 942 ## - ADDED ENTRY ELEMENTS (KOHA) | |
| Suppress in OPAC | 0 |
| Withdrawn status | Lost status | Source of classification or shelving scheme | Damaged status | Not for loan | Home library | Current library | Shelving location | Date acquired | Total Checkouts | Full call number | Barcode | Date last seen | Copy number | Price effective from | Koha item type |
|---|---|---|---|---|---|---|---|---|---|---|---|---|---|---|---|
| Dewey Decimal Classification | London | London | Journal article | 22/12/2004 | X128397 | 128397-1001 | 06/08/2019 | 1 | 06/08/2019 | Journal article |